Euroopan suurimmat kaupungit vuonna 1700 - Statistics

Yleistilastot
  • Tätä visaa on pelattu 653 kertaa
  • Keskiarvotulos 10 / 17
Vastaustilastot
Väkiluku Kaupunki % Oikein
550 000 Lontoo
97%
500 000 Pariisi
97%
130 000 Rooma
94%
150 000 Moskova
88%
100 000 Madrid
87%
100 000 Wien
68%
700 000 Konstantinopoli
67%
120 000 Milano
67%
180 000 Amsterdam
66%
188 000 Lissabon
59%
215 000 Napoli
59%
100 000 Marseille
47%
138 000 Venetsia
44%
100 000 Lyon
43%
100 000 Belgrad
22%
100 000 Gdańsk
15%
100 000 Sarajevo
14%
Ehtoja vastaavia visoja ei löytynyt
Tulosjakauma
Jokaisen tuloksen saaneiden osuus
Persentiili vastausten määrän mukaan
Tuloshistoriasi
Et ole pelannut tätä visaa